Eurázia - obri naďalej rastú

Čína, Rusko, India a Turecko ako jedinečný rozvojový potenciál vzhľadom na Európu a Blízky východ.

Salvato in:
Dettagli Bibliografici
Autore principale: Oberhauser, Pia
Natura: Capitolo di libro
Lingua:slovacco
Soggetti:
Tags: Aggiungi Tag
Nessun Tag, puoi essere il primo ad aggiungerne!!

MARC

LEADER 00000naa a2200000 4500
001 0127313
005 20230831115109.7
041 0 |a slo 
044 |a SK 
245 1 0 |a Eurázia - obri naďalej rastú  |c Pia Oberhauser 
520 |a Čína, Rusko, India a Turecko ako jedinečný rozvojový potenciál vzhľadom na Európu a Blízky východ. 
610 2 0 |a Rusko 
610 2 0 |a Čína 
610 2 0 |a India 
610 2 0 |a investovanie 
610 2 0 |a situácia hospodárska 
610 2 0 |a papiere cenné 
610 2 0 |a Ázia 
100 1 |a Oberhauser, Pia